Online
Catalog

Cumbres borrascosas / (Record no. 4241)

MARC details
000 -CABECERA
campo de control de longitud fija 00724cam a2200229 a 4500
001 - NÚMERO DE CONTROL
campo de control 000004432
005 - FECHA Y HORA DE LA ÚLTIMA TRANSACCIÓN
campo de control 20200929151436.0
008 - DATOS DE LONGITUD FIJA--INFORMACIÓN GENERAL
campo de control de longitud fija 910624s1992 sp 000 f spa
020 ## - NÚMERO INTERNACIONAL ESTÁNDAR DEL LIBRO
Número Internacional Estándar del Libro 8474612772
040 ## - FUENTE DE LA CATALOGACIÓN
Centro catalogador/agencia de origen DO-SdBNP
Centro/agencia transcriptor DLC
Centro/agencia modificador DLC
082 ## - NÚMERO DE LA CLASIFICACIÓN DECIMAL DEWEY
Número de clasificación 823.8
Número de documento/Ítem B869c
100 1# - ENTRADA PRINCIPAL--NOMBRE DE PERSONA
Nombre de persona Brontë, Emily,
Fechas asociadas al nombre 1818-1848.
9 (RLIN) 13019
245 10 - MENCIÓN DE TÍTULO
Título Cumbres borrascosas /
Mención de responsabilidad, etc. Emely Brontë.
260 ## - PUBLICACIÓN, DISTRIBUCIÓN, ETC.
Lugar de publicación, distribución, etc. Madrid :
Nombre del editor, distribuidor, etc. Club Internacional del Libro,
Fecha de publicación, distribución, etc. [1992].
300 ## - DESCRIPCIÓN FÍSICA
Extensión 288 p. ;
Dimensiones 19 cm.
490 1# - MENCIÓN DE SERIE
Mención de serie Grandes genios de la literatura universal
Designación de volumen o secuencia 39
650 #4 - PUNTO DE ACCESO ADICIONAL DE MATERIA--TÉRMINO DE MATERIA
Término de materia o nombre geográfico como elemento de entrada Novela inglesa
9 (RLIN) 1071
650 #4 - PUNTO DE ACCESO ADICIONAL DE MATERIA--TÉRMINO DE MATERIA
Término de materia o nombre geográfico como elemento de entrada Literatura inglesa
9 (RLIN) 498
830 #0 - PUNTO DE ACCESO ADICIONAL DE SERIE-TÍTULO UNIFORME
Título uniforme Grandes genios de la literatura universal ;
Designación de volumen o secuencia 39
9 (RLIN) 7077
910 ## - DATOS DE OPCIÓN DEL USUARIO (OCLC)
Datos de opción del usuario Catalogación por copia / LC
910 ## - DATOS DE OPCIÓN DEL USUARIO (OCLC)
Datos de opción del usuario WM
Holdings
Estado de retiro Estado de pérdida Restricciones de uso No para préstamo Código de colección Localización permanente Ubicación/localización actual Ubicación en estantería Fecha de adquisición Número de inventario Total de préstamos Signatura topográfica completa Código de barras Fecha visto por última vez Precio válido a partir de Tipo de ítem Koha
    Préstamo interno   Monografías: Libros y Folletos General General Depósito 15.10.2009 LF1   823.8 B869c 4432-10 25.06.2020 25.06.2020 Préstamo interno

Powered by Koha